Matematika pro 1. ročník základní školy pro slabozraké - příloha

Bibliographic Details
Other Authors: Kučerová, Václava (upr)
Format: Book
Language:Czech
PhysicalDescription:10, [2] vol. listov v prebale Prieč. 8°
Published: Praha Státní pedagogické nakladatelství 1990
ISBN:8004239277
Series:Učebnice pro základní školy
Subjects:

MARC

LEADER 00000nam a2200000 a 4500
001 vtls001323252
003 SK-MaSNL
005 20260416164819.0
008 251113s1990 xr 0 cze
020 |a 8004239277 
035 |a SNK000275941 
040 |a SNK  |b slo  |c SNK  |e AACR2 
041 0 |a cze 
044 |a CZ 
080 |a 372.47:376.352(075.2)(076.5)  |2 1981 
245 1 |a Matematika pro 1. ročník základní školy pro slabozraké - příloha  |c podle pracovních sešitů upr. pro potřeby slabozrakých žáků Václava Kučerová ; il. Vladimír Hájek 
260 |a Praha  |b Státní pedagogické nakladatelství  |c 1990 
300 |a 10, [2] vol. listov v prebale  |c Prieč. 8° 
490 1 |a Učebnice pro základní školy 
650 0 7 |a matematika  |x učebnice zákl. škôl. pre slabozrakých (1. roč.)  |x zošity pracovné  |x prílohy  |2 SNK  |9 289874 
700 1 |a Kučerová, Václava  |4 upr  |9 289875 
830 0 |a Učebnice pro základní školy  |9 280562 
919 |a 80-04-23927-7 
958 |a RK 
958 |a OND 
999 |c 545321  |d 547251 
952 |t P60, <04>, [BOOK], {604}  |a SNK  |b SNK  |y VYP  |7 0  |o snkIC 113576/príl.  |i snkKIP 5121/90  |0 0  |1 0  |4 0  |d 1998-03-04  |l 0  |r 2005-01-02 00:00:00  |w 2026-02-23 
952 |t P60, <04>, [BOOK], {604}  |a SNK  |b SNK  |y VYP  |7 0  |o snkIC 113576/príl. D1  |i snkKIP 5122/90  |0 0  |1 0  |4 0  |d 1998-03-04  |l 0  |r 2005-01-02 00:00:00  |w 2026-02-23